| 000 | 00481nam a2200157 i 4500 | ||
|---|---|---|---|
| 001 | 70787 | ||
| 003 | ES-MaACL | ||
| 005 | 20230906170925.0 | ||
| 007 | t| | ||
| 008 | 040803s1956 sp ||||1| spa d | ||
| 100 | 1 |
_aGarrido y Comas, J. J. _955731 |
|
| 245 | 1 | 3 |
_aLa depreciación monetaria y el seguro / _cJ.J. Garrido y Comas. |
| 260 |
_aBarcelona : _bJosé María Bosch, _c[1956] ( _fVda. de Manuel Conchs) |
||
| 300 |
_a188 p. ; _c21 cm. |
||
| 852 |
_aES-MaACL _jC-11789 _bR.39875 |
||
| 999 |
_c70787 _d70787 |
||